| 000 | 00624nam a2200193Ia 4500 | ||
|---|---|---|---|
| 003 | IN-BaIIA | ||
| 008 | 211028s9999 xx 000 0 eng d | ||
| 020 | _a978-0-08-042134-4 | ||
| 040 | _cIIA Library | ||
| 080 |
_a551.510.4(082.1) _bLOW |
||
| 245 | 0 |
_aLow-Latitude ionospheric physics _cedited by Fu-Shong Kuo |
|
| 260 |
_aOxford _bElsevier _c1994 |
||
| 300 | _a[various pagings.] | ||
| 650 | _aAstronomy and astrophysics thesaurus | ||
| 650 |
_aCommittee on Space Research _919438 |
||
| 650 |
_aIonospheric physics _97723 |
||
| 700 |
_aKuo, Fu-Shong., ed. _919439 |
||
| 942 | _cBK | ||
| 999 |
_c11321 _d11321 |
||